|
|
|
|
| LEADER |
00000nab a2200000 4500 |
| 001 |
vtls012064564 |
| 003 |
SK-MaSNL |
| 005 |
20260426103858.0 |
| 008 |
210805|2020 xo |||| ||an ||00 0|slo |
| 015 |
|
|
|a SNBRB2021/08
|
| 040 |
|
|
|a SPKCL
|b slo
|e rda
|
| 041 |
|
|
|a slo
|b slo
|b eng
|
| 043 |
|
|
|a e-xo- - -
|a e-xr- - -
|
| 044 |
|
|
|a xo
|c SK
|
| 072 |
|
7 |
|a 378
|x Vysoké školy
|2 konspekt
|
| 080 |
|
|
|a 378
|2 2011
|
| 100 |
1 |
|
|a Bellová, Denisa
|4 aut
|9 1602290
|
| 245 |
1 |
0 |
|a Porovnanie vysokého školstva Slovenskej republiky a Českej republiky
|c Denisa Bellová
|
| 336 |
|
|
|a text
|b txt
|2 rdacontent
|
| 337 |
|
|
|a bez média
|b n
|2 rdamedia
|
| 338 |
|
|
|a zväzok
|b nc
|2 rdacarrier
|
| 504 |
|
|
|a Obsahuje bibliografiu
|
| 546 |
|
|
|a Anglické a slovenské resumé
|
| 650 |
0 |
7 |
|a vysoké školy
|2 SNKPH
|9 1277
|
| 650 |
0 |
7 |
|a výskum
|2 SNKPH
|9 4238
|
| 651 |
|
7 |
|a Slovensko
|2 SNKPHgeo
|9 14231
|
| 651 |
|
7 |
|a Česko
|2 SNKPHgeo
|9 16753
|
| 655 |
|
7 |
|a BZB
|2 SNKPH
|9 1080216
|
| 773 |
0 |
|
|t Výchova a vzdelávanie k demokratickému občianstvu : zborník príspevkov z odborného seminára, 11.12.2019
|d Trenčín : Celouniverzitné pracovisko Katedra politológie, TNUAD, 2020
|g S. 212-229
|z 9788080758961
|
| 958 |
|
|
|a NB
|
| 999 |
|
|
|c 3299751
|d 3301681
|